000 00410nam a22001697a 4500
003 MPLRDC
005 20220104124221.0
008 210129b ||||| |||| 00| 0 eng d
082 _a870.8 YHDZ-2 v.7
100 _a大仲马著
245 _a黑色郁金香
_c
260 _a
_b学林书店
_c
300 _b
490 _a英汉对照. 世界文学名著;7
650 _a
942 _cBK
_o870.8 YHDZ-2 v.7
999 _c17567
_d17557